[Event "ITA-ch U20"]
[Site "Tarvisio"]
[Date "2023.07.09"]
[Round "9"]
[White "Di Maulo, Alessandra"]
[Black "Giacomazzi, Anna"]
[Result "1-0"]
[WhiteElo "1932"]
[BlackElo "1136"]
[PlyCount "142"]
[EventDate "2023.07.02"]
[EventType "swiss"]
[EventRounds "9"]
[EventCountry "ITA"]
[SourceTitle "EXT 2024"]
[Source "ChessBase"]
[SourceDate "2023.10.10"]
[SourceVersion "1"]
[SourceVersionDate "2023.10.10"]
[SourceQuality "1"]

1. e4 e5 2. Nf3 Nc6 3. Bc4 Bc5 4. d3 h6 5. 0-0 Nf6 6. Nbd2 0-0 7. h3 d6 8. c3 Nh7 9. Re1 Kh8 10. Nf1 f5 11. exf5 Bxf5 12. Ng3 Bd7 13. Be3 Bb6 14. Bb3 Qf6 15. Ne4 Qe7 16. Qe2 Nf6 17. Nh4 Be8 18. Nf5 Qd7 19. Nfg3 Nxe4 20. dxe4 Ne7 21. Qd2 Bxe3 22. Rxe3 Bf7 23. Bxf7 Rxf7 24. Qe2 Raf8 25. f3 a6 26. c4 Qe6 27. Rc3 Qg6 28. Kh2 Rf6 29. Qe3 c5 30. Rb3 Rb8 31. a4 a5 32. Qd2 b6 33. Nf1 Qf7 34. Rd3 Qg6 35. Ne3 h5 36. Rd1 Rd8 37. Qf2 Rd7 38. Qg3 Qxg3+ 39. Kxg3 Kh7 40. Kh2 Kh8 41. Rf1 g5 42. Rfd1 Kh7 43. Nf5 Nc8 44. Rd5 Re6 45. h4 gxh4 46. Kh3 Kg6 47. Kxh4 Rd8 48. g3 Rd7 49. Kh3 Rd8 50. Kg2 Rd7 51. Rh1 Rd8 52. Rh4 Rd7 53. g4 hxg4 54. Rh6+ Kf7 55. Rh7+ Ke8 56. Ng7+ Rxg7 57. Rxg7 gxf3+ 58. Kxf3 Rf6+ 59. Ke3 Rh6 60. Rg3 Rh2 61. Rd2 Rh6 62. Rdg2 Ne7 63. Ke2 Rf6 64. Rf3 Rh6 65. Rgf2 Ng6 66. Ke3 Rh8 67. Rf6 Rg8 68. Rxd6 Ne7 69. Rxb6 Kd7 70. Ra6 Nc6 71. Rf7+ Kd6 1-0

[Event "ITA-chT (Women)"]
[Site "Bacoli"]
[Date "2023.04.27"]
[Round "1.1"]
[White "Di Maulo, Alessandra"]
[Black "Raccanello, Marianna"]
[Result "0-1"]
[WhiteElo "1884"]
[BlackElo "2017"]
[PlyCount "94"]
[EventDate "2023.04.25"]
[EventType "team-tourn"]
[EventRounds "7"]
[EventCountry "ITA"]
[SourceTitle "CBM 214 Extra"]
[Source "ChessBase"]
[SourceDate "2023.07.31"]
[SourceVersion "1"]
[SourceVersionDate "2023.07.31"]
[SourceQuality "1"]

1. e4 c5 2. Nf3 e6 3. d4 cxd4 4. Nxd4 Nc6 5. c4 Nf6 6. Nc3 Bb4 7. Qd3 d5 8. exd5 exd5 9. Nxc6 bxc6 10. cxd5 Nxd5 11. Bd2 0-0 12. Be2 Be6 13. 0-0 Rb8 14. Rac1 Be7 15. Nxd5 cxd5 16. Bc3 Qd7 17. Rfd1 Rfd8 18. Qg3 f6 19. Bf3 Bd6 20. Qh4 Be5 21. Ba5 Rdc8 22. b3 Qb5 23. Bd2 d4 24. Be4 f5 25. Bb1 Rxc1 26. Rxc1 Qe2 27. Ba5 Re8 28. Re1 Qb5 29. Bd2 a5 30. Qh3 g6 31. Bd3 Qc5 32. Qf3 Bd5 33. Qd1 Re7 34. h3 Bd6 35. Rxe7 Bxe7 36. Qe2 Kf7 37. Qe1 a4 38. b4 Qc6 39. b5 Qb7 40. f3 Bxa2 41. Qa1 Qd5 42. Qc1 Qc5 43. Qb2 Bb3 44. Be1 Bd8 45. Bf2 Bb6 46. Bb1 Bc4 47. Ba2 Qd5 0-1

[Event "Padova del Santo op-B 7th"]
[Site "Padova"]
[Date "2020.02.22"]
[Round "3.5"]
[White "Battagin, Mose"]
[Black "Di Maulo, Alessandra"]
[Result "1/2-1/2"]
[WhiteElo "1835"]
[BlackElo "1711"]
[PlyCount "119"]
[EventDate "2020.02.21"]
[EventType "swiss"]
[EventRounds "3"]
[EventCountry "ITA"]
[SourceTitle "EXT 2024"]
[Source "ChessBase"]
[SourceDate "2023.10.10"]
[SourceVersion "1"]
[SourceVersionDate "2023.10.10"]
[SourceQuality "1"]

1. e4 e5 2. Nf3 Nc6 3. Bc4 Bc5 4. b4 Bxb4 5. c3 Ba5 6. d4 exd4 7. 0-0 Nf6 8. e5 d5 9. exd6 Qxd6 10. Ba3 Qf4 11. Re1+ Be6 12. Bxe6 fxe6 13. Rxe6+ Kd7 14. Rxc6 bxc6 15. Nxd4 Kc8 16. Qd3 Kb7 17. Nd2 Rhe8 18. Rb1+ Bb6 19. c4 Rad8 20. N2f3 Ka8 21. c5 Qe4 22. Qxe4 Nxe4 23. cxb6 axb6 24. Nxc6 Rd3 25. Bb4 Kb7 26. Nfe5 Rd5 27. f3 Nf6 28. Rc1 Re6 29. Be1 Red6 30. a3 Nh5 31. g3 h6 32. Kg2 Rd1 33. Rxd1 Rxd1 34. Bb4 Ra1 35. f4 Ra2+ 36. Kh3 Nf6 37. Bf8 Ne8 38. g4 h5 39. gxh5 Nf6 40. Bxg7 Nxh5 41. Bh6 Rxa3+ 42. Kg4 Nf6+ 43. Kf5 Ng8 44. Bg5 Ra8 45. Kg6 b5 46. h4 Re8 47. Kf7 Ra8 48. h5 Kb6 49. h6 Nxh6+ 50. Bxh6 Kc5 51. Bf8+ Kd5 52. Bb4 Ke4 53. Ng6 Ra4 54. Ke6 Ra6 55. Kd7 Kf5 56. Nge7+ Kxf4 57. Nd5+ Ke4 58. Nxc7 Ra4 59. Nxb5 Rxb4 60. Nxb4 1/2-1/2

[Event "EU-ch U12 Girls 26th"]
[Site "Prague"]
[Date "2016.08.26"]
[Round "8"]
[White "Subjakova, Kristina"]
[Black "Di Maulo, Alessandra"]
[Result "1-0"]
[WhiteElo "1271"]
[BlackElo "1397"]
[PlyCount "91"]
[EventDate "2016.08.18"]
[EventType "swiss"]
[EventRounds "9"]
[EventCountry "CZE"]
[SourceTitle "CBM 174 Extra"]
[Source "ChessBase"]
[SourceDate "2016.10.10"]
[SourceVersion "1"]
[SourceVersionDate "2016.10.10"]
[SourceQuality "1"]

1. e4 e5 2. Nf3 Nc6 3. d4 exd4 4. Nxd4 Bc5 5. Be3 Qf6 6. Nb5 Bxe3 7. fxe3 Qh4+ 8. g3 Qd8 9. N1c3 a6 10. Nd4 Ne5 11. Bg2 Nf6 12. h3 d6 13. Qe2 Be6 14. 0-0-0 Qd7 15. Nf3 Qe7 16. Nxe5 dxe5 17. Nd5 Nxd5 18. exd5 Bd7 19. d6 cxd6 20. Bxb7 Bb5 21. Qf3 Rb8 22. Bc6+ Bxc6 23. Qxc6+ Qd7 24. Rxd6 Qxc6 25. Rxc6 Ra8 26. Rd1 f6 27. Rdd6 Ke7 28. Rxa6 Rxa6 29. Rxa6 Rd8 30. Ra3 Kd6 31. Rd3+ Kc7 32. Rxd8 Kxd8 33. Kd2 Kc7 34. Kd3 Kc6 35. Kc4 g5 36. g4 h6 37. e4 Kb6 38. Kd5 Kb5 39. c4+ Kb6 40. Kd6 Kb7 41. c5 Kc8 42. Kc6 Kd8 43. Kb7 Kd7 44. c6+ Kd6 45. c7 Kc5 46. c8Q+ 1-0